[Event "Let's Play Chess!"]
[Site "http://www.queenalice.com/game.php?id=367714"]
[Date "2008.3.8"]
[Round "-"]
[White "Slazenger"]
[Black "Mazarin"]
[Result "0-1"]
[WhiteElo "1632"]
[BlackElo "1873"]

1. e4 e5 2. Nf3 Nc6 3. Nc3 Nf6 4. d3 d6 5. Bg5 Be7 6. Be2 Nd7 7. Qd2 Bxg5 8.
Nxg5 Nf6 9. h3 h6 10. Nf3 Qe7 11. Nd5 Nxd5 12. exd5 Nb8 13. c4 Nd7 14. O-O Nf6
15. b4 O-O 16. Rfe1 Bd7 17. Bf1 b6 18. b5 Ne8 19. Qe2 f5 20. g3 g5 21. Qe3 f4
22. gxf4 gxf4 23. Qe2 Qg7+ 24. Kh1 Kh7 25. d4 Rf5 26. dxe5 dxe5 27. Nxe5 Rg5 28.
Nf3 Rf5 29. Qe7 Rf7 30. Qh4 Nd6 31. Bd3+ Bf5 32. Ng5+ Qxg5 33. Qxg5 hxg5 34.
Bxf5+ Nxf5 35. Rg1 Rg7 36. Rae1 Nd4 37. Rg4 Nf3 38. Re2 a6 39. Kg2 Nd4 40. Re5
axb5 41. cxb5 Rxa2 42. Rexg5 Rxg5 43. Rxg5 Nxb5 44. Rh5+ Kg6 45. Rh8 Rd2 46.
Rg8+ Kf7 47. Rg4 Rxd5 48. Rxf4+ Ke6 49. Rb4 Nd6 50. Re4+ Nxe4 0-1

[Event "Let's Play Chess!"]
[Site "http://www.queenalice.com/game.php?id=367716"]
[Date "2008.3.8"]
[Round "-"]
[White "Mazarin"]
[Black "Slazenger"]
[Result "1-0"]
[WhiteElo "1904"]
[BlackElo "1635"]

1. c4 e5 2. Nc3 c6 3. Nf3 d6 4. g3 Nf6 5. d3 Bg4 6. Bg2 Nbd7 7. e4 h6 8. Be3 g5
9. Qd2 a6 10. Ng1 c5 11. f3 Be6 12. Nge2 Rb8 13. Bf2 Rg8 14. g4 Rh8 15. h4 gxh4
16. Bh3 Ng8 17. f4 f6 18. Bxh4 Be7 19. f5 Bf7 20. Ng3 b5 21. b3 bxc4 22. dxc4
Qc8 23. Nh5 Bxh5 24. gxh5 Bd8 25. Qg2 Nf8 26. Qg7 Rh7 27. Qxg8 Qc7 28. Rg1 Rb7
29. Nd5 Qa5+ 30. Ke2 Qa3 31. Bxf6 Qb2+ 32. Kd3 Qd4+ 33. Ke2 Qxe4+ 34. Ne3 Bxf6
35. Qd5 Qxd5 36. Nxd5 Bg5 37. Raf1 Nd7 38. f6 Rf7 39. Bxd7+ Rbxd7 40. Kd3 Ra7
41. Ke4 a5 42. Kf5 a4 43. b4 cxb4 44. Nxb4 Ra5 45. Ke4 Rxf6 46. Rxf6 Bxf6 47.
Rg6 Bg5 48. Rxd6 Ke7 49. Rd5 Ra8 50. Rxe5+ Kf6 51. Nd5+ Kg7 52. Nc3 Bf6 53. c5
Bxe5 54. Kxe5 Kf7 55. Kd6 Ke8 56. Kc7 Ra7+ 57. Kd6 Kd8 58. Nb5 Ra6+ 59. c6 Kc8
60. Nd4 Ra5 61. Ne6 Rxh5 62. Nf4 Rh2 63. Nd5 Rxa2 64. Ne7+ Kb8 65. c7+ Kb7 66.
c8=Q+ Kb6 67. Nd5+ Kb5 68. Nc3+ 1-0

[Event "AUTO-MASTER-484"]
[Site "http://www.queenalice.com/game.php?id=370925"]
[Date "2008.3.14"]
[Round "1"]
[White "Mazarin"]
[Black "luccalucas"]
[Result "0-1"]
[WhiteElo "1969"]
[BlackElo "1998"]

1. e4 e5 2. Nf3 Nc6 3. d4 exd4 4. Nxd4 Nf6 5. Nxc6 bxc6 6. e5 Nd5 7. Bc4 Nb6 8.
Bb3 Bc5 9. Qf3 O-O 10. O-O Kh8 11. c3 f6 12. exf6 Qxf6 13. Qxf6 Rxf6 14. Nd2 d5
15. c4 Ba6 16. Nf3 Nxc4 17. Bxc4 Bxc4 18. Re1 Kg8 19. b3 Bd3 20. Bb2 Rf4 21. Be5
Re4 22. Nd2 Rxe1+ 23. Rxe1 Re8 24. Nf3 Be4 25. Bxc7 Re7 26. Ba5 Rf7 27. Re2 Bxf3
28. Re8+ Bf8 29. gxf3 Rxf3 30. Kg2 Rf7 31. a4 Rb7 32. Re3 Bc5 33. Rc3 Bb6 34.
Bb4 Rc7 35. Bc5 Kf7 36. Rf3+ Ke6 37. Re3+ Kd7 38. Re7+ Kc8 39. Rxc7+ Kxc7 40.
Ba3 c5 41. f3 Kd6 42. Kf1 Ke5 43. Ke2 d4 44. a5 Bxa5 45. Bxc5 Bb6 46. Bf8 g6 47.
Bh6 Kf5 48. Bf8 Bc7 49. h3 Kf4 50. Bc5 d3+ 51. Kxd3 Bb6 52. Bf8 Kxf3 53. Bh6 Kg3
54. Ke4 Kxh3 55. Kf3 Bd8 56. Be3 a6 57. Kf2 g5 58. Kg1 g4 0-1

[Event "AUTO-MASTER-484"]
[Site "http://www.queenalice.com/game.php?id=370926"]
[Date "2008.3.14"]
[Round "1"]
[White "luccalucas"]
[Black "Mazarin"]
[Result "1-0"]
[WhiteElo "1986"]
[BlackElo "1986"]

1. e4 e5 2. Nf3 Nc6 3. Bb5 Nf6 4. O-O d6 5. Re1 Bd7 6. d4 Be7 7. d5 Nb8 8. Bxd7+
Nbxd7 9. Be3 Nxe4 10. Nbd2 Nef6 11. c4 h6 12. Qb3 b6 13. Reb1 O-O 14. Ne1 Nh7
15. Nd3 f5 16. f3 f4 17. Bf2 Bh4 18. Nb4 Bxf2+ 19. Kxf2 Qh4+ 20. Kg1 Qh5 21. Nc6
Nc5 22. Qc2 Rf7 23. b4 Nd7 24. a4 a6 25. a5 Nhf6 26. Re1 g5 27. h3 Rg7 28. axb6
cxb6 29. Qf5 Re8 30. Rxa6 Qh4 31. Rea1 Qh5 32. Ra8 Kh8 33. R1a7 Qh4 34. Rxd7
Rxa8 35. Qxf6 Rg8 36. Ne4 Qh5 37. Ne7 Qf7 38. Qxh6+ Rh7 39. Qxd6 1-0

[Event "AUTO-MASTER-484"]
[Site "http://www.queenalice.com/game.php?id=370927"]
[Date "2008.3.14"]
[Round "1"]
[White "Mazarin"]
[Black "EL_CHICO"]
[Result "1/2-1/2"]
[WhiteElo "1938"]
[BlackElo "2003"]

1. e4 e5 2. Nf3 Nc6 3. Bc4 Bc5 4. a3 Nf6 5. d3 h6 6. h3 Qe7 7. b4 Bb6 8. Bb2 d6
9. Nbd2 Bd7 10. Qe2 O-O-O 11. Ba2 Be6 12. c4 Nb8 13. b5 c6 14. Rc1 Kd7 15. Ra1
cxb5 16. cxb5 Bxa2 17. Rxa2 Rc8 18. Nc4 Bc5 19. Bc3 a6 20. Nb6+ Bxb6 21. Qd2 Qe6
22. Rb2 a5 23. a4 Ke7 24. O-O Bc5 25. Bxa5 b6 26. Bc3 Nfd7 27. d4 exd4 28. Nxd4
Bxd4 29. Qxd4 f6 30. Rd1 Rc4 31. Qd2 Rxa4 32. f4 Rxe4 33. Qf2 Nc5 34. f5 Qc4 35.
Qd2 Rd8 36. Rb4 Qe2 37. Rxe4+ Qxe4 38. Re1 d5 39. Rxe4+ dxe4 40. Qf4 Rd1+ 41.
Kh2 Nbd7 42. Qg4 Rd3 43. Qxg7+ Kd8 44. Be1 e3 45. Bg3 e2 46. Qg8+ Ke7 47. Qg7+
Ke8 1/2-1/2

[Event "AUTO-MASTER-484"]
[Site "http://www.queenalice.com/game.php?id=370928"]
[Date "2008.3.14"]
[Round "1"]
[White "EL_CHICO"]
[Black "Mazarin"]
[Result "1-0"]
[WhiteElo "1987"]
[BlackElo "1989"]

1. d4 Nf6 2. c4 e6 3. Nc3 d5 4. Nf3 Be7 5. Bf4 Nbd7 6. Nb5 Bb4+ 7. Nd2 Ba5 8.
Qa4 Bxd2+ 9. Bxd2 O-O 10. Bf4 Nb6 11. Qb4 a5 12. Qc3 Ne4 13. Qc2 Qe7 14. Nxc7
Qb4+ 15. Bd2 Qxd2+ 16. Qxd2 Nxd2 17. Nxa8 Nxa8 18. Kxd2 dxc4 19. e4 Rd8 20. Kc3
b5 21. Rd1 Bb7 22. f3 Nb6 23. a3 Na4+ 24. Kc2 Rc8 25. Be2 Nb6 26. b3 g6 27. bxc4
bxc4 28. Rb1 Rc6 29. Rb5 Rd6 30. Rhb1 1-0

[Event "AUTO-MASTER-484"]
[Site "http://www.queenalice.com/game.php?id=370929"]
[Date "2008.3.14"]
[Round "1"]
[White "Mazarin"]
[Black "Abilio"]
[Result "0-1"]
[WhiteElo "1951"]
[BlackElo "2068"]

1. e4 e5 2. Nf3 Nf6 3. d3 Nc6 4. c3 d5 5. Qc2 Bc5 6. h3 O-O 7. Bg5 dxe4 8. dxe4
h6 9. Bc1 Be6 10. Be2 Nh5 11. Nxe5 Nxe5 12. Bxh5 Nd3+ 0-1

[Event "AUTO-MASTER-484"]
[Site "http://www.queenalice.com/game.php?id=370930"]
[Date "2008.3.14"]
[Round "1"]
[White "Abilio"]
[Black "Mazarin"]
[Result "1-0"]
[WhiteElo "2090"]
[BlackElo "1941"]

1. Nc3 Nf6 2. e4 d6 3. f4 e6 4. Nf3 Nbd7 5. d4 c6 6. Bd3 Be7 7. O-O Qc7 8. e5
dxe5 9. fxe5 Nd5 10. Nxd5 cxd5 11. Ng5 Bxg5 12. Bxg5 Qb6 13. Kh1 Qxd4 14. Bg6
Qxd1 15. Bxf7+ Kf8 16. Raxd1 Nb6 17. Rd4 h6 18. Bg6+ Kg8 19. Rdf4 Nd7 20. Be7
1-0

[Event "AUTO-ADV-837"]
[Site "http://www.queenalice.com/game.php?id=371926"]
[Date "2008.3.16"]
[Round "1"]
[White "RedMosquito"]
[Black "Mazarin"]
[Result "1-0"]
[WhiteElo "1867"]
[BlackElo "1924"]

1. d4 d5 2. c4 c6 3. Nf3 Nf6 4. e3 g6 5. Bd3 Bg7 6. O-O e6 7. cxd5 exd5 8. Nbd2
O-O 9. b4 b6 10. Bb2 Re8 11. Re1 Ne4 12. Ne5 Nxd2 13. Qxd2 c5 14. Bb5 Re6 15.
bxc5 a6 16. Be2 bxc5 17. Bf3 c4 18. Nxc4 Nc6 19. Na3 Bh6 20. Nc2 a5 21. a4 Rb8
22. Ba3 Re8 23. Bc5 Be6 24. Na3 Qd7 25. Nb5 Bf8 26. Rec1 Bf5 27. Qc3 Rbc8 28.
Be2 Nb4 29. Qb3 Nc6 30. Bxf8 Rxf8 31. Rc5 Be6 32. Rac1 Rfd8 33. Na3 Nb4 34. Bb5
Qb7 35. Nc2 Rxc5 36. dxc5 d4 37. Qa3 Nxc2 38. Rxc2 dxe3 39. Qc1 exf2+ 40. Rxf2
Qc7 41. c6 Rd4 42. Rf1 Bd5 43. Qe3 Re4 44. Qc3 Qb6+ 45. Kh1 Qc7 46. Qg3 Re7 47.
Qxc7 Rxc7 48. Rc1 Kf8 49. Kg1 Ke7 50. Kf2 Kd6 51. g4 f6 52. Ke3 Bxc6 53. Rd1+
Kc5 54. Rc1+ Kb6 55. Rb1 Re7+ 56. Kd4 Re4+ 57. Kc3 Rxg4 58. Be2+ 1-0

[Event "AUTO-ADV-837"]
[Site "http://www.queenalice.com/game.php?id=371927"]
[Date "2008.3.16"]
[Round "1"]
[White "Mazarin"]
[Black "RedMosquito"]
[Result "1-0"]
[WhiteElo "1901"]
[BlackElo "1902"]

1. Nf3 Nf6 2. d3 e6 3. g3 b6 4. Bg2 Bb7 5. e4 c5 6. c3 Be7 7. O-O O-O 8. Nbd2 d6
9. Qc2 Nbd7 10. Re1 Rc8 11. Qd1 Qc7 12. c4 Nb8 13. b3 Nc6 14. Bb2 Nb4 15. Bf1 d5
16. exd5 exd5 17. a3 Nc6 18. Bg2 d4 19. Bc1 Bd6 20. Ng5 h6 21. Nge4 Nxe4 22.
Nxe4 Be7 23. Bf4 Qd7 24. f3 Nd8 25. Ra2 Ne6 26. Bh3 Qc6 27. Bxe6 fxe6 28. Rae2
Bf6 29. Rf2 e5 30. Bd2 Rce8 31. Qc1 Kh7 32. Ree2 Re6 33. f4 exf4 34. Rxf4 Bg5
35. Rxf8 1-0

[Event "AUTO-ADV-837"]
[Site "http://www.queenalice.com/game.php?id=371938"]
[Date "2008.3.16"]
[Round "1"]
[White "Bernobr"]
[Black "Mazarin"]
[Result "1/2-1/2"]
[WhiteElo "1893"]
[BlackElo "1992"]

1. e4 e5 2. Nc3 Nf6 3. g3 d6 4. Bg2 Be7 5. Nge2 Nbd7 6. d3 h6 7. O-O c6 8. f4
exf4 9. Bxf4 Qb6+ 10. Rf2 Ng4 11. Qe1 Nxf2 12. Qxf2 Qxf2+ 13. Kxf2 g5 14. Be3
Ne5 15. Kg1 Be6 16. Nd4 Bd7 17. Nd1 c5 18. Nf5 Bf8 19. Nc3 O-O-O 20. Nd5 Nc6 21.
Rc1 Re8 22. Bd2 Rh7 23. Nf6 Rh8 24. Nxe8 Bxe8 25. Bc3 Rh7 26. a3 Bd7 27. Rf1 Kc7
28. Ne3 Nd4 29. Nd5+ Kd8 30. Rf2 Be6 31. Nf6 Rg7 32. Bxd4 cxd4 33. e5 b6 34.
exd6 Bxd6 35. Bc6 Bc5 36. Ne4 Be7 37. Nd2 f5 38. Nf3 Bf6 39. Re2 Re7 40. h4 Kc7
41. Bb5 Bf7 42. Rxe7+ Bxe7 43. hxg5 hxg5 44. Nxd4 Bc5 45. c3 Bg6 46. Kg2 Bd6 47.
Ne6+ Kc8 48. Nxg5 Be7 49. Ne6 Bf7 50. Nf4 Bd6 51. Kf3 Kd8 52. d4 Ke7 53. b4 Kf6
54. c4 a5 55. bxa5 bxa5 56. c5 Bb8 57. c6 Ke7 58. g4 fxg4+ 59. Kxg4 Kd6 60. Kg5
Bb3 61. Kf6 Bg8 62. Nd3 Kd5 63. Nc5 Kxd4 64. Na6 Be5+ 65. Ke7 Bd5 66. c7 Bb7 67.
Kd7 Be4 68. c8=Q Bf5+ 69. Kd8 Bf6+ 70. Kc7 Be5+ 71. Kb7 Bxc8+ 72. Kxc8 a4 73.
Bxa4 Bd6 74. Nb4 Kc4 1/2-1/2

[Event "AUTO-ADV-837"]
[Site "http://www.queenalice.com/game.php?id=371939"]
[Date "2008.3.16"]
[Round "1"]
[White "Mazarin"]
[Black "Bernobr"]
[Result "1-0"]
[WhiteElo "1970"]
[BlackElo "1893"]

1. Nf3 d5 2. d3 Nf6 3. g3 e6 4. c3 c5 5. Bg2 Nc6 6. Nbd2 b5 7. O-O Be7 8. e4 O-O
9. Re1 a5 10. e5 Nd7 11. d4 Qb6 12. Nf1 b4 13. Rb1 bxc3 14. b3 cxd4 15. Re2 Ba6
16. Re1 d3 17. Be3 Qc7 18. Qc1 Ncxe5 19. Nxe5 Nxe5 20. Bd4 c2 21. Ra1 Nc6 22.
Bb2 h6 23. Nd2 Bg5 24. h4 Be7 25. Ba3 Nb4 26. Bb2 Bc5 27. Be5 Qb6 28. Rf1 Nc6
29. Bb2 Nd4 30. Qe1 Ne2+ 31. Kh1 Bb4 32. Bf3 Nc3 33. a3 Bb5 34. axb4 axb4 35.
Qe3 Qc6 36. Qd4 Rfc8 37. Qxb4 Ne2 38. Qg4 f6 39. Bxf6 Qc7 40. Rxa8 Rxa8 41.
Qxe6+ Kf8 42. Be5 Qf7 43. Qxf7+ Kxf7 44. Bxd5+ Ke7 45. Bxa8 c1=Q 46. Rxc1 Nxc1
47. Bxg7 h5 48. Bf3 Be8 49. Be4 Kf7 50. Bb2 1-0

[Event "AUTO-ADV-837"]
[Site "http://www.queenalice.com/game.php?id=371944"]
[Date "2008.3.16"]
[Round "1"]
[White "Chazam"]
[Black "Mazarin"]
[Result "0-1"]
[WhiteElo "1631"]
[BlackElo "1917"]

1. d4 d5 2. c4 e6 3. c5 Be7 4. e3 Nf6 5. Nf3 c6 6. Nc3 Nbd7 7. Bd3 b5 8. a3 a5
9. a4 b4 10. Ne2 Qc7 11. h3 e5 12. dxe5 Nxe5 13. Nxe5 Qxe5 14. Qc2 Ba6 15. Bxa6
Rxa6 16. Bd2 Ne4 17. f3 Ng3 18. f4 Qe4 19. Qxe4 Nxe4 20. Rd1 Nxd2 21. Rxd2 Bxc5
22. Nc1 Bxe3 23. Re2 d4 24. Nd3 O-O 25. Nc5 Ra7 26. Rf1 Re8 27. f5 Raa8 28. Kd1
Ra7 29. b3 Kf8 30. f6 g6 31. h4 h5 32. g3 d3 33. Nxd3 Rd7 34. Kc2 Bd4 35. Rxe8+
Kxe8 36. Re1+ Kd8 37. Rf1 Rd6 38. Rf4 Bxf6 39. Rf3 Ke8 40. Re3+ Re6 41. Rxe6+
fxe6 42. Nc5 Be5 43. Nxe6 Bxg3 44. Nc7+ Bxc7 45. Kd3 Bg3 0-1

[Event "AUTO-ADV-837"]
[Site "http://www.queenalice.com/game.php?id=371945"]
[Date "2008.3.16"]
[Round "1"]
[White "Mazarin"]
[Black "Chazam"]
[Result "1-0"]
[WhiteElo "1894"]
[BlackElo "1661"]

1. Nf3 c5 2. d3 Nc6 3. g3 d5 4. c3 e5 5. Nbd2 Bd6 6. Qc2 f5 7. Bg2 Nf6 8. O-O
Be6 9. Ng5 Qe7 10. Nxe6 Qxe6 11. Nf3 O-O 12. Ng5 Qe7 13. e4 f4 14. Nh3 fxg3 15.
fxg3 d4 16. c4 Bc7 17. Qe2 Nb4 18. a3 Nc6 19. Bg5 Rf7 20. Nf2 Raf8 21. Ng4 Nxg4
22. Bxe7 Rxf1+ 23. Rxf1 Rxf1+ 24. Bxf1 Ne3 25. Bg5 Nxf1 26. Kxf1 Nd8 27. Bxd8
Bxd8 28. Qg4 Be7 29. Qc8+ Kf7 30. Qxb7 a5 31. Qb5 g6 32. Qxa5 h5 33. Qb6 Kg7 34.
a4 Kf7 35. a5 1-0

[Event "Let's Play Chess!"]
[Site "http://www.queenalice.com/game.php?id=375811"]
[Date "2008.3.24"]
[Round "-"]
[White "Mazarin"]
[Black "charles31"]
[Result "0-1"]
[WhiteElo "1912"]
[BlackElo "1874"]

1. e4 e5 2. Nf3 d6 3. d4 Nd7 4. Bc4 c6 5. dxe5 dxe5 6. O-O b5 7. Be2 Bb7 8. c3
Ngf6 9. Qc2 Be7 10. Rd1 Qc7 11. Nbd2 O-O 12. Nf1 c5 13. Ng3 c4 14. Nf5 Nc5 15.
Nxe7+ Qxe7 16. Bg5 Ncxe4 17. Be3 Ng4 18. Qc1 h6 19. h3 Nxe3 20. Qxe3 Rad8 21.
Qxa7 Rxd1+ 22. Rxd1 f6 23. Nh4 Ra8 24. Qb6 Rxa2 25. Rd8+ Kh7 26. Nf5 Qf7 27.
Qxb5 Ra1+ 28. Kh2 Nxf2 29. Rd7 Rh1+ 30. Kg3 Qg6+ 31. Bg4 Ne4+ 32. Kf3 Nd6+ 33.
Kf2 Nxb5 34. Rxg7+ Qxg7 0-1

[Event "Let's Play Chess!"]
[Site "http://www.queenalice.com/game.php?id=375813"]
[Date "2008.3.24"]
[Round "-"]
[White "Mazarin"]
[Black "charles31"]
[Result "0-1"]
[WhiteElo "1931"]
[BlackElo "1855"]

1. e4 e5 2. Nf3 d6 3. d4 Nd7 4. Bc4 c6 5. dxe5 dxe5 6. O-O b5 7. Be2 Bb7 8. c3
Ngf6 9. Qc2 Be7 10. Rd1 Qc7 11. Nbd2 O-O 12. Nf1 c5 13. Ng3 c4 14. h3 Nc5 15.
Nf5 Bxe4 16. Nxe7+ Qxe7 17. Qd2 Rad8 18. Qg5 Rxd1+ 19. Bxd1 Bxf3 20. Bxf3 e4 21.
Be2 Nd3 22. Qxb5 Qc7 23. Be3 Rb8 24. Qa6 Nd5 25. Qa4 Nxe3 26. fxe3 Qc5 27. Qd1
Qxe3+ 28. Kh2 Qf4+ 29. Kg1 Rxb2 30. Qf1 Qe3+ 31. Kh2 Rxe2 32. Qf5 Rxg2+ 0-1

[Event "AUTO-ADV-873"]
[Site "http://www.queenalice.com/game.php?id=387471"]
[Date "2008.4.14"]
[Round "1"]
[White "Mazarin"]
[Black "Andreu"]
[Result "0-1"]
[WhiteElo "1803"]
[BlackElo "1858"]

1. d4 d5 2. Nf3 Bg4 3. Nbd2 e6 4. e3 c5 5. Be2 Nf6 6. c3 c4 7. Qc2 Bd6 8. h3 Bf5
9. Qd1 b5 10. Nh4 Be4 11. Nxe4 Nxe4 12. Nf3 Be7 13. Nd2 Nxd2 14. Bxd2 a5 15. b3
O-O 0-1

[Event "AUTO-ADV-873"]
[Site "http://www.queenalice.com/game.php?id=387472"]
[Date "2008.4.14"]
[Round "1"]
[White "Andreu"]
[Black "Mazarin"]
[Result "1-0"]
[WhiteElo "1840"]
[BlackElo "1900"]

1. d4 d5 2. e3 Nf6 3. c4 dxc4 4. Bxc4 e6 5. Nf3 c5 6. O-O cxd4 7. Nxd4 a6 8. Nc3
Be7 9. Qe2 O-O 10. Rd1 Qc7 11. Nf3 Nc6 12. a3 b5 13. Bd3 Bb7 14. e4 e5 15. Bc2
Rad8 16. Be3 Rxd1+ 17. Rxd1 Rd8 18. Bb3 Rxd1+ 19. Qxd1 1-0